000
00322nam a2200121Ia 4500
008
160523s9999 xx 000 0 und d
100
_a
Natarajan, N.
245
_a
Mind of Man, An Animal Farm
245
_c
N.Natarajan.
260
_c
2015
650
_x
Psychology.
856
_u
http://www.smashwords.com/books/view/527722
999
_c
294779
_d
294779